Rekreační sport 2 Atletika, badminton, bruslení, lyžováním orien. běh, plávání, stolní tenis, sport. gymnastika, triatlon, tenis, windsurf

Bibliographic Details
Main Author: Ondřej, Oldřich, 1927- (Author)
Format: Book
Language:Czech
PhysicalDescription:194 s. brož.
Published: Praha Olympia 1988
Edition:1. vyd.
Subjects:

MARC

LEADER 00000nam a2200000 a 4500
001 vtls008915789
003 SK-MaSNL
005 20260302042558.0
008 240314s1988 xo cze
020 |c 14.50 
035 |a LMAOSK14732 
040 |a SNK  |b slo  |c SNK  |e AACR2 
041 0 |a cze 
080 |a 796.035  |2 1981 
100 1 |a Ondřej, Oldřich,  |d 1927-  |4 aut  |9 98679 
245 1 0 |a Rekreační sport 2  |b Atletika, badminton, bruslení, lyžováním orien. běh, plávání, stolní tenis, sport. gymnastika, triatlon, tenis, windsurf  |c Oldřich Ondřej 
250 |a 1. vyd. 
260 |a Praha  |b Olympia  |c 1988 
300 |a 194 s. brož. 
650 0 7 |a šport rekreačný  |2 LMAOSK  |9 695635 
650 0 7 |a atletika  |2 LMAOSK  |9 3279 
650 0 7 |a bedminton  |2 LMAOSK  |9 3289 
650 0 7 |a korčuľovanie  |2 LMAOSK  |9 30367 
650 0 7 |a lyžovanie  |2 LMAOSK  |9 3256 
650 0 7 |a orientačný beh  |2 LMAOSK  |9 23503 
650 0 7 |a plávanie  |2 LMAOSK  |9 3241 
650 0 7 |a stolný tenis  |2 LMAOSK  |9 25562 
650 0 7 |a športová gymnastika  |2 LMAOSK  |9 769 
650 0 7 |a triatlon  |2 LMAOSK  |9 14310 
650 0 7 |a tenis  |2 LMAOSK  |9 3293 
650 0 7 |a windsurfing  |2 LMAOSK  |9 25829 
655 7 |a príručky  |2 LMAOSK  |9 74364 
958 |a OND 
999 |c 1083321  |d 1085251 
952 |a SNK  |b SNK  |y VYP  |7 0  |p 17A0652592  |o snkID 86173/2 D1  |i snkKIP 2778/88  |0 0  |1 1  |4 0  |d 2010-04-01  |l 0  |r 2026-02-24 16:31:47  |w 2026-02-24 
952 |a SNK  |b SNK  |y VYP  |7 0  |p 17A0579855  |o snkID 86173/2  |i snkKIP 2777/88  |3 rekatalogizácia  |0 0  |1 0  |4 0  |d 2008-03-15  |l 0  |r 2026-02-24 16:31:47  |w 2026-02-24